00500nam 2200157 45000010005000000900009000051000041000141010008000552000081000632150019001443000015001636060031001787000024002098010020002339950089002536072 a6072 a20190729k u||y0frey50 ba afre aLe nucléaire: une réponse à l'effet de serre?bBrochurefY. L. Boullis a18 p.d21 cm.  aSans date. 9648aNucléaire (Energie) 96976aY. L. Boullis aCHbCH-002049-8 10203052026-06-1297052bARCHICcARCHICeBrochuresf7898hContratomkBroch 2729o1